| LEADER | 01311nam a2200229 4500 | ||
|---|---|---|---|
| 999 | |c 8665 |d 8665 | ||
| 082 | |a 306.09597 |b PH105NG | ||
| 100 | |a Phan Ngọc | ||
| 245 | |a Bản sắc văn hoá Việt Nam |c Phan Ngọc | ||
| 250 | |a | ||
| 260 | |a H. |b Văn học |c 2002 | ||
| 300 | |a 550 tr. |c 19 cm. | ||
| 520 | |a v.v... | ||
| 653 | |a Văn hóa | ||
| 653 | |a Bản sắc | ||
| 653 | |a Việt Nam | ||
| 942 | |2 ddc |c STK0 | ||
| 952 | |0 0 |1 0 |2 ddc |4 0 |6 306_095970000000000_PH105NG |7 0 |8 300 |9 71273 |a qbu |b qbu |c D2 |d 2015-04-25 |g 56000 |o 306.09597 PH105NG |p 8349.c1 |w 2015-04-25 |y STK0 |0 0 |6 306_000000000000000_PH105NG | ||
| 952 | |0 0 |1 0 |2 ddc |4 0 |6 306_095970000000000_PH105NG |7 0 |8 300 |9 71274 |a qbu |b qbu |c D2 |d 2015-04-25 |g 56000 |o 306.09597 PH105NG |p 8349.c2 |w 2015-04-25 |y STK0 |0 0 |6 306_000000000000000_PH105NG | ||
| 952 | |0 0 |1 0 |2 ddc |4 0 |6 306_095970000000000_PH105NG |7 0 |8 300 |9 71275 |a qbu |b qbu |c D2 |d 2015-04-25 |g 56000 |o 306.09597 PH105NG |p 8349.c3 |w 2015-04-25 |y STK0 |0 0 |6 306_000000000000000_PH105NG | ||
| 952 | |0 0 |1 0 |2 ddc |4 0 |6 306_095970000000000_PH105NG |7 0 |8 300 |9 71276 |a qbu |b qbu |c D2 |d 2015-04-25 |g 56000 |l 1 |o 306.09597 PH105NG |p 8349.c4 |r 2019-12-16 |s 2019-12-04 |w 2015-04-25 |y STK0 |0 0 |6 306_000000000000000_PH105NG | ||
| 952 | |0 0 |1 0 |2 ddc |4 0 |6 306_095970000000000_PH105NG |7 0 |9 113905 |a qbu |b qbu |c D1 |d 2018-02-06 |o 306.09597 PH105NG |p 8349.C5 |r 2018-02-06 |w 2018-02-06 |y STK0 | ||